000 00517nam a2200145Ia 4500
008 100122s9999 xx 000 0 und d
082 _b21806
_a636.5
100 _aउद्यम
245 _aकोंबड्या पाळण्याचा धंदा
260 _bउद्यम प्रकाशन
_c1972
300 _a96
630 _aकोंबड्या पाळण्याचा धंदा
730 _aकोंबड्या पाळण्याचा धंदा
942 _cBOOK
999 _c409761
_d409758